Statistics for Random State Trivia #2

Click here to take the quiz!

General Stats

  • This quiz has been taken 9 times
  • The average score is 5 of 13

Answer Stats

HintAnswer% Correct
Closest state to AfricaMaine
89%
Where US coffee is grownHawaii and California
67%
Largest producer of maple syrup in USVermont
67%
World's largest silver nuggetColorado
44%
Farthest state eastAlaska
33%
Third smallest state by populationAlaska
33%
JetPunk HQWashington
33%
First American CookbookConnecticut
22%
Coca-cola first bottledMississippi
22%
Fourth smallest state by land massNew Jersey
22%
Typewriter inventedWisconsin
22%
Only roller skating museum in the worldNebraska
11%
First umbrella factory in USMaryland
0%

Score Distribution

Percentile by Number Answered

Percent of People with Each Score

Your Score History

You have not taken this quiz